000 00783nam a2200229 a 4500
999 _c10763
_d10763
001 10763
003 BD-JhCC
005 20220725134023.0
008 180905s20182001bg a|||| |||| 000 0 ben d
020 _a9847027700947
035 _a(BD-JhCC)10763
040 _aBD-JhCC
_dBD-JhCC
041 _aben
082 _a004.6
_bSAR 2018
100 _aসরকার, সুহৃদ
245 _aএক্সপার্ট নেটওয়ার্কিং /
_cসুহৃদ সরকার,
260 _aঢাকা :
_bজ্ঞানকোষ প্রকাশনী,
_c২০১৮
300 _a৭৫৪ পৃ. :
_bচিত্রবলী;
_c২৫ সেমি.
650 _aComputer networks
650 _aInternetworking (Telecommunication)
942 _2ddc
_cBK
_03